000 00599nam a2200241Ia 4500
003 OSt
005 20220918174904.0
006 a|||||r|||| 00| 0
007 ta
008 220917b |||||||| |||| 00| 0 eng d
024 _a14,533
037 _cTextual
040 _aARTS
_cARTS
_beng
041 _2eng
_aeng
082 _aNRv, H0
100 _aSachs Curt
_951698
245 0 _aHistory of musical instruments
260 _aNew York
_bW W Norton and Co.
_c1940
300 _a505p.
_ccm.
650 _aARTS
942 _hNRv, H0
_cTEXL
_2CC
999 _c155081
_d155081